Musiques Rock - Statistiques

Statistiques générales
  • Ce quiz a été pris 1 357 fois
  • Le résultat moyen est 11 sur 20
Statistiques - réponses
Son Rockeur % Correct
Wonderwall Oasis
88%
Back in black AC DC
86%
Hotel california Eagle
84%
Allumer le feu Johnny Hallyday
83%
Another brick in the wall Pink Floyd
81%
Numb Linkin Park
75%
Stairway to heaven Led zeppelin
73%
Boulevard of broken dreams Green Day
68%
November rain Guns'n'roses
63%
Hold the line Toto
55%
I wanna be yours Arctic Monkeys
53%
Eleanor Rigby The Beatles
49%
Starlight Muse
45%
In the air tonight Phil Collins
44%
People are strange The Doors
40%
La dernière séance Eddy Mitchell
33%
Ride Twenty One Pilots
31%
Black Summer Red Hot Chili Peppers
30%
Unchain my heart Joe Cocker
22%
Born for this The Score
7%
Aucun quiz correspondant
Distribution des résultats
% des personnes avec chaque résultat
Percentile par nombre de réponses
Votre historique - résultats
Vous n’avez pas pris ce quiz